The history and pal eography of mauryan brahmi script / (Record no. 127713)

MARC details
000 -LEADER
fixed length control field 00709nam a22002417a 4500
005 - DATE AND TIME OF LATEST TRANSACTION
control field 20170124110029.0
010 ## - LIBRARY OF CONGRESS CONTROL NUMBER
LC control number 187760
020 ## - INTERNATIONAL STANDARD BOOK NUMBER
Terms of availability 00.00
035 ## - SYSTEM CONTROL NUMBER
System control number 187760
037 ## - SOURCE OF ACQUISITION
Source of stock number/acquisition Cen Lib/Ret
040 ## - CATALOGING SOURCE
Original cataloging agency DPL
Language of cataloging EN
082 ## - DEWEY DECIMAL CLASSIFICATION NUMBER
Classification number 407
Item number UPA
100 ## - MAIN ENTRY--PERSONAL NAME
Personal name Upasak, Chandrika Singh
9 (RLIN) 21313
245 ## - TITLE STATEMENT
Title The history and pal eography of mauryan brahmi script /
Statement of responsibility, etc by Chandrika Singh Upasak
260 ## - PUBLICATION, DISTRIBUTION, ETC. (IMPRINT)
Place of publication, distribution, etc Patna
Name of publisher, distributor, etc Nava Nalnda Mahavihara
Date of publication, distribution, etc 1959
270 ## - ADDRESS
Address Patna
City Patna
300 ## - PHYSICAL DESCRIPTION
Extent x,344p.
Dimensions 23cm(Hb)
500 ## - GENERAL NOTE
General note Includes bibliographical reference and index
650 ## - SUBJECT ADDED ENTRY--TOPICAL TERM
Topical term or geographic name as entry element Palaeography
9 (RLIN) 21314
650 ## - SUBJECT ADDED ENTRY--TOPICAL TERM
Topical term or geographic name as entry element Ashoka Brahmi
9 (RLIN) 21315
700 ## - ADDED ENTRY--PERSONAL NAME
9 (RLIN) 20986
942 ## - ADDED ENTRY ELEMENTS (KOHA)
Source of classification or shelving scheme Dewey Decimal Classification
Koha item type English Books
Classification part 407
Call number suffix UPA
Holdings
Withdrawn status Lost status Damaged status Not for loan Home library Current library Date acquired Source of acquisition Cost, normal purchase price Total Checkouts Full call number Barcode Date last seen Copy number Cost, replacement price Price effective from Koha item type Public note
Written off       Central Library Central Library 30/06/2015 Cen Lib/Ret 0.00   407 UPA 187760 30/06/2015 1 0.00 30/06/2015 English Books Written off on approval by DLB (By Circulation); dtd 15-06-2023

© Delhi Public Library
Hit Counter
free hit counter